000 00622 a2200193 4500
005 20240516124234.0
010 _aB-759071
035 _aB-759071
037 _bGift/Unesco
082 _a330.954
100 _aJalan, Bimal
_966283
245 _aIndia's Economic Policy Preparing for the twenty-first Century/
_bBimal Jalan
260 _aNew Delhi
_bPenguin Books India(P) Ltd.
_c1996
270 _a210, Chiranjiv Tower 43 Nehru Place
_bNew Delhi
_e110019
300 _a217p.
_c22cm (Hb)
700 _966089
942 _adpl
_cEN
_2ddc
_h330.954
_mJAL
999 _c202900
_d202900